Estatísticas para Clubes que mais venceram Bola de Prata

Clique aqui para jogar o quiz

Estatísticas Gerais

  • Esse quiz foi jogado 48 vezes
  • A pontuação média é 9 de 15

Estatísticas das Respostas

N° PrêmiosClube% Correto
67São Paulo
94%
75Palmeiras
85%
63Flamengo
70%
68Atlético Mineiro
67%
19Botafogo
67%
56Corinthians
67%
45Cruzeiro
67%
30Fluminense
67%
50Santos
67%
39Vasco
67%
45Grêmio
64%
52Internacional
64%
15Bragantino
30%
13Guarani
27%
13Goiás
24%

Distribuição das Pontuações

Percentil de Números Respondidos

Porcentagem de Pessoas com Cada Pontuação

Sua Pontuação Histórica

Você não jogou esse quiz